|
|
|
|
| LEADER |
00000nab a2200000 a 4500 |
| 001 |
vtls000161066 |
| 003 |
SK-MaSNL |
| 005 |
20260303200021.0 |
| 008 |
111104c1983 xo 0 slo |
| 015 |
|
|
|a SNBRB19rr/mm-uuuuu
|
| 035 |
|
|
|a CL0171176
|
| 040 |
|
|
|a SNKBUCL
|b slo
|c SNKBUCL
|e AACR2
|
| 041 |
0 |
|
|a slo
|
| 044 |
|
|
|a xo
|c SK
|
| 080 |
|
|
|a 792.9
|2 1981
|
| 100 |
0 |
|
|a (nem)
|4 aut
|9 873325
|
| 245 |
1 |
0 |
|a Čarovný svet bábok
|b o prvej premiére v Bábkovom divadle v Košiciach
|c [autor] (nem)
|
| 300 |
|
|
|b Obr.
|
| 600 |
1 |
7 |
|a Vančura, Vladislav,
|d 1891-1942
|t Kubulo a Kubo Kubikulo
|2 snkbucl
|9 1229701
|
| 610 |
2 |
7 |
|a Bábkové divadlo v Košiciach
|2 snkbucl
|9 29577
|
| 655 |
|
7 |
|a recenzie
|2 snkbucl
|9 21907
|
| 655 |
|
7 |
|a články z novín a časopisov
|2 snkbucl
|9 267496
|
| 773 |
0 |
|
|t Východoslovenské noviny
|g Roč. 32, č. 229 (28.9.1983), s. 5
|
| 850 |
|
|
|a Slovenská národná knižnica v Martine
|a MTA001
|
| 852 |
|
|
|a SNK
|b KIS3GCP
|
| 958 |
|
|
|a RK
|
| 992 |
|
|
|a RBX
|
| 999 |
|
|
|c 2165921
|d 2167851
|